000 00663nam a22001937a 4500
003 JO-AjAnu
005 20250930091934.0
008 250924b jo ||||| |||| 00| 0 ara d
020 _a978-9957-91-588-9
040 _aanu
_cJO-AjAnu
041 _hara
100 _aالزبون، هاني مفلح
_eمؤلف
_966658
245 _aالأبعاد السياسية في التدخل الدولي الإنساني /
_cهاني مفلح الزبون
250 _aط 1
260 _aعمان :
_bدار وائل للنشر والتوزيع؛
_c2019
300 _a238 صفحة
650 _vحقوق الانسان-قانون دولي
_964460
942 _2lcc
_cBK
_n0
999 _c33986
_d33986